000 00673nam a22002177a 4500
003 OSt
005 20170117182801.0
008 170117b xxu||||| |||| 00| 0 eng d
020 _a9780195178852
020 _a0195178858
040 _cDMLN
082 _aMW300 H24i 2006
100 _aHarris, James C.
_911405
245 _aIntellectual disabilituy: understanding its development, causes, classification, evaluation and treatment
260 _bOxford University Press, 2006
300 _ax,429p; ill: 25cm
504 _aReferences, appendices, & index included
650 _aIntellectual Disability
_911406
650 _aMental disorder
_911407
942 _2z
_cO_SHELF
999 _c5459
_d5459